ARRUPE JESUIT UNIVERSITY

CORONAVIRUS -STOP THE SPREAD - CLEAN,DISINFECT,COVER

A history of southern Africa. (Record no. 126581)

MARC details
000 -LEADER
fixed length control field 00969cam a22003011 4500
001 - CONTROL NUMBER
control field 9810413
003 - CONTROL NUMBER IDENTIFIER
control field ARRUPE
005 - DATE AND TIME OF LATEST TRANSACTION
control field 20170808105911.0
008 - FIXED-LENGTH DATA ELEMENTS--GENERAL INFORMATION
fixed length control field 720125s1957 enk 000 0 eng
010 ## - LIBRARY OF CONGRESS CONTROL NUMBER
LC control number 57004943
015 ## - NATIONAL BIBLIOGRAPHY NUMBER
National bibliography number GB57-9984
035 ## - SYSTEM CONTROL NUMBER
System control number (OCoLC)227919
040 ## - CATALOGING SOURCE
Original cataloging agency DLC
Transcribing agency OKentU
Modifying agency OCoLC
-- TNJ
-- Uk
-- DLC
042 ## - AUTHENTICATION CODE
Authentication code premarc
050 00 - LIBRARY OF CONGRESS CALL NUMBER
Classification number DT723
Item number .W3 1957
082 ## - DEWEY DECIMAL CLASSIFICATION NUMBER
Classification number 968
300 ## - PHYSICAL DESCRIPTION
Other physical details maps
Dimensions 22 cm.
100 1# - MAIN ENTRY--PERSONAL NAME
Personal name Walker, Eric A.
Fuller form of name (Eric Anderson),
Dates associated with a name 1886-1976.
9 (RLIN) 9666
245 12 - TITLE STATEMENT
Title A history of southern Africa.
250 ## - EDITION STATEMENT
Edition statement [3d ed.
260 ## - PUBLICATION, DISTRIBUTION, ETC. (IMPRINT)
Place of publication, distribution, etc London]
Name of publisher, distributor, etc Longmans
Date of publication, distribution, etc [1957]
300 ## - PHYSICAL DESCRIPTION
Extent xxiv, 973 p.
500 ## - GENERAL NOTE
General note Previous editions published under title: a history of South Africa.
504 ## - BIBLIOGRAPHY, ETC. NOTE
Bibliography, etc Bibliography: p. [925]-945.
651 #0 - SUBJECT ADDED ENTRY--GEOGRAPHIC NAME
Geographic name South Africa
General subdivision History.
9 (RLIN) 34611
651 #0 - SUBJECT ADDED ENTRY--GEOGRAPHIC NAME
Geographic name South Africa
General subdivision Politics and government.
9 (RLIN) 34612
906 ## - LOCAL DATA ELEMENT F, LDF (RLIN)
a 7
b cbc
c oclcrpl
d u
e ncip
f 19
g y-gencatlg
942 ## - ADDED ENTRY ELEMENTS (KOHA)
Source of classification or shelving scheme Library of Congress Classification
Koha item type Monograph ( Printed materials)
Holdings
Withdrawn status Lost status Source of classification or shelving scheme Damaged status Not for loan Collection code Home library Current library Shelving location Date acquired Total Checkouts Full call number Barcode Date last seen Price effective from Koha item type
    Library of Congress Classification     SPECIAL Collection ARRUPE LIBRARY ARRUPE LIBRARY REFERENCE 08/08/2017   SPC DT732 .W3 1957 46500025443 08/08/2017 08/08/2017 Monograph ( Printed materials)

 

Arrupe Library. PO Box MP320 Mt Pleasant, Harare, Zimbabwe
263 242 745411|librarian@aju.ac.zw